| 000 | nam a22 7a 4500 | ||
|---|---|---|---|
| 999 |
_c342234 _d342234 |
||
| 003 | NUST | ||
| 005 | 20171214101725.0 | ||
| 008 | 171214b xxu||||| |||| 00| 0 eng d | ||
| 040 | _c0 | ||
| 082 | _a658.45 REU | ||
| 245 |
_aInside Organization Communication : _bInternational Association of Business Communicators _cEdited by Carol Reuss and Donn Silvis |
||
| 250 | _a2nd ed. | ||
| 260 |
_aIslamabad _bNBF _c1981. |
||
| 300 | _a368p. | ||
| 500 | _aH.B | ||
| 942 |
_2ddc _cBK _kIESE |
||